[Event "Urals-ch 74th"]
[Site "Khanty-Mansiysk"]
[Date "2016.03.23"]
[Round "1"]
[White "Solovjev, Nikolay1111"]
[Black "Deryagin, Aleksandr"]
[Result "1-0"]
[WhiteElo "2298"]
[BlackElo "1770"]
[PlyCount "65"]
[EventDate "2016.03.23"]
[EventType "swiss"]
[EventRounds "9"]
[EventCountry "RUS"]
[SourceTitle "CBM 171 Extra"]
[Source "ChessBase"]
[SourceDate "2016.04.26"]
[SourceVersion "1"]
[SourceVersionDate "2016.04.26"]
[SourceQuality "1"]

1. d4 d5 2. c4 c6 3. Nc3 dxc4 4. Nf3 Nf6 5. e3 e6 6. Bxc4 b5 7. Bd3 Bb7 8. 0-0 Be7 9. e4 0-0 10. Bg5 Nbd7 11. Rc1 h6 12. Bh4 g6 13. Qe2 Kg7 14. Rfd1 b4 15. Na4 Qa5 16. b3 Rae8 17. Qb2 Rc8 18. Nc5 Nxc5 19. dxc5 g5 20. Bg3 Kg8 21. Bd6 Qd8 22. Bb1 Bxd6 23. Rxd6 Qe7 24. e5 Nd5 25. Qc2 f5 26. Nd4 Nc7 27. Qc4 Kg7 28. Qxb4 Nd5 29. Rxe6 Qc7 30. Qc4 Nf4 31. Rd6 Qe7 32. Nxf5+ Rxf5 33. Bxf5 1-0

[Event "Khanty-Mansiysk Governor Cup-B 9th"]
[Site "Khanty-Mansiysk"]
[Date "2013.12.05"]
[Round "8"]
[White "Deryagin, Aleksandr"]
[Black "Chekletsov, Ilya"]
[Result "0-1"]
[WhiteElo "1889"]
[BlackElo "2053"]
[PlyCount "39"]
[EventDate "2013.11.28"]
[EventType "swiss"]
[EventRounds "9"]
[EventCountry "RUS"]
[SourceTitle "CBM 157 Extra"]
[Source "ChessBase"]
[SourceDate "2013.12.19"]
[SourceVersion "1"]
[SourceVersionDate "2013.12.19"]
[SourceQuality "1"]

1. e4 c5 2. Nf3 Nc6 3. c3 d5 4. exd5 Qxd5 5. Be2 Nf6 6. h3 e5 7. d3 Be7 8. Be3 0-0 9. 0-0 Be6 10. Nbd2 Rfd8 11. Ng5 Bf5 12. Bf3 Qd7 13. Be4 h6 14. Ngf3 Nxe4 15. dxe4 Be6 16. Qe2 Qd3 17. Qd1 Rac8 18. Ne1 Qb5 19. b3 Qa5 20. Qc1 0-1